Catálogo
 En Linea

Gyeongju : (Registro nro. 33998)

Detalles MARC
000 -CABECERA
campo de control de longitud fija 00636nam a2200181 a 4500
001 - NÚMERO DE CONTROL
campo de control 000034507
005 - FECHA Y HORA DE LA ÚLTIMA TRANSACCIÓN
campo de control 20200930073735.0
008 - DATOS DE LONGITUD FIJA--INFORMACIÓN GENERAL
campo de control de longitud fija 111005s2007 ko ac r 000 0 spa d
020 ## - NÚMERO INTERNACIONAL ESTÁNDAR DEL LIBRO
Número Internacional Estándar del Libro 9788971992883
040 ## - FUENTE DE LA CATALOGACIÓN
Centro catalogador/agencia de origen DO-SdBNP
Lengua de catalogación spa
Centro/agencia transcriptor BNPHU
082 ## - NÚMERO DE LA CLASIFICACIÓN DECIMAL DEWEY
Número de clasificación xxxx
Número de documento/Ítem xxxx
245 00 - MENCIÓN DE TÍTULO
Título Gyeongju :
Resto del título A field guide to history /
Mención de responsabilidad, etc. translated by Lee Moon-ok, Nicholas Duverna.
260 ## - PUBLICACIÓN, DISTRIBUCIÓN, ETC.
Lugar de publicación, distribución, etc. Korea :
Nombre del editor, distribuidor, etc. written by Korea Cultural and Historical Survey Society,
Fecha de publicación, distribución, etc. 2007.
300 ## - DESCRIPCIÓN FÍSICA
Extensión 276 p. :
Otras características físicas il., retrs. ;
Dimensiones 22 cm.
700 1# - PUNTO DE ACCESO ADICIONAL--NOMBRE DE PERSONA
Nombre de persona Moon-ok, Lee
9 (RLIN) 59955
700 1# - PUNTO DE ACCESO ADICIONAL--NOMBRE DE PERSONA
Nombre de persona Duverna, Nicholas
9 (RLIN) 59956
710 2# - PUNTO DE ACCESO ADICIONAL--NOMBRE DE ENTIDAD CORPORATIVA
Nombre de entidad corporativa o nombre de jurisdicción como elemento de entrada Korea Cultural and Historical Survey Society
9 (RLIN) 59957
Existencias
Estado de retiro Estado de pérdida Restricciones de uso No para préstamo Código de colección Localización permanente Ubicación/localización actual Ubicación en estantería Fecha de adquisición Número de inventario Total de préstamos Signatura topográfica completa Código de barras Fecha visto por última vez Precio válido a partir de Tipo de ítem Koha
      Excluido de préstamo Monografías: Libros y Folletos General General Depósito 05.10.2011 LF1   xxxx xxxx 34507-10 25.06.2020 25.06.2020 No se presta

Con tecnología Koha